[Event "POL-ch 62nd"]
[Site "Poznan"]
[Date "2005.04.26"]
[Round "6"]
[White "Macieja, Bartlomiej"]
[Black "Jaracz, Pawel"]
[Result "1-0"]
[WhiteElo "2613"]
[BlackElo "2530"]
[Annotator "Ftacnik,L"]
[PlyCount "67"]
[EventDate "2005.04.21"]
[EventType "tourn"]
[EventRounds "13"]
[EventCountry "POL"]
[EventCategory "12"]
[SourceTitle "CBM 107"]
[Source "ChessBase"]
[SourceDate "2005.08.01"]
[SourceVersion "1"]
[SourceVersionDate "2005.08.01"]
[SourceQuality "1"]

1. e4 c5 2. Nc3 Nc6 3. Nf3 e6 4. d4 cxd4 5. Nxd4 Qc7 6. Be2 a6 7. O-O Nf6 8.
Be3 Be7 9. f4 d6 10. Qe1 O-O 11. Qg3 Nxd4 12. Bxd4 b5 13. a3 Bb7 14. Rae1 Rae8
15. Kh1 Bc6 16. b4 Bd8 17. e5 dxe5 18. fxe5 Ne4 19. Nxe4 Bxe4 20. c3 $1 $146 {
[%mdl 4] Macieja significantly improves on the older game, in which white
suddenly started to play on the queenside.} (20. a4 Qxc2 21. axb5 axb5 22. Qf2
Be7 23. Bxb5 Qxf2 24. Rxf2 Rb8 25. Ba6 Bd5 26. Bc5 Bh4 27. Kg1 Bxf2+ 28. Kxf2 {
1/2-1/2 Iordachescu,V-Razuvaev,Y/Montecatini Terme 1999/ (50)}) 20... Qb7 (
20... Be7 21. Rf4 Bd5 22. Rg4 g6 23. Bf3 Rd8 24. Bxd5 Rxd5 25. Rf1 $16) 21. Rf4
Bd5 (21... h6 $2 22. Rxe4 Qxe4 23. Bxb5 $18) 22. Bd3 {Jaracz will have his
hands full with the ungrateful task of defending his kingside position with no
counterplay anywhere on the board.} g6 (22... Bb6 23. Bxh7+ $5 Kxh7 24. Bxb6
Qxb6 25. Re3 Bxg2+ (25... g6 26. Qh4+ Kg8 27. Rh3 Bxg2+ 28. Kxg2 Qc6+ 29. Rff3
$18) 26. Kxg2 Qb7+ 27. Kg1 Qb6 28. Kf1 Rh8 (28... Rd8 29. Rh4+ Kg8 30. Qxg7+
Kxg7 31. Rg3#) 29. Rxf7 $18) 23. h4 Bb6 24. h5 Bxd4 25. cxd4 Bc4 (25... Rc8 26.
Bb1 Rc7 27. Ref1 Rfc8 28. Kh2 $16) 26. Bb1 $1 {Macieja keeps his bishop for
the attacking purposes, black has no way to prevent the mounting catastrophy.}
Kh8 27. Rf6 Rg8 (27... Rd8 28. Qh4 Kg8 29. hxg6 fxg6 30. Bxg6 Rxf6 31. exf6
hxg6 32. f7+ $18) 28. Qf4 Re7 29. Re3 gxh5 (29... Bd5 30. Rg3 Rc7 31. hxg6 fxg6
32. Bxg6 hxg6 33. Kg1 Rcg7 34. Rh3+ Rh7 35. Rf7 $18) 30. Rg3 Rxg3 31. Qxg3 Qb8
32. Qh4 $1 {Black is lost as his pieces are not able to help their king.} Qg8 (
32... Rc7 33. Bxh7 $1 (33. Qxh5 Qg8 34. Bxh7 Be2 35. Qh4 Qg4 $16) 33... Kxh7
34. Qxh5+ Kg8 35. Rh6 $18) 33. Rh6 f5 $4 (33... f6 34. Qxf6+ Rg7 35. Rxh5 Bd5
36. Kh2 Bxg2 37. Bxh7 Qxh7 38. Qd8+ Rg8 39. Rxh7+ Kxh7 40. Qh4+ Kg6 41. Kxg2
$18) 34. Qxe7 1-0

[Event "Buenos Aires Sicilian"]
[Site "Buenos Aires"]
[Date "1994.10.14"]
[Round "3"]
[White "Karpov, Anatoly"]
[Black "Ljubojevic, Ljubomir"]
[Result "1-0"]
[WhiteElo "2780"]
[BlackElo "2580"]
[Annotator "Ftacnik,L"]
[PlyCount "91"]
[EventDate "1994.10.12"]
[EventType "tourn"]
[EventRounds "14"]
[EventCountry "ARG"]
[EventCategory "18"]
[SourceTitle "CBM 044"]
[Source "ChessBase"]
[SourceDate "1995.02.01"]
[SourceVersion "1"]
[SourceVersionDate "1995.02.01"]
[SourceQuality "1"]

1. e4 c5 2. Nf3 d6 3. d4 cxd4 4. Nxd4 Nf6 5. Nc3 a6 6. Be2 e6 7. O-O Be7 8. f4
Qc7 9. Kh1 O-O 10. Qe1 Nc6 11. Be3 Bd7 12. Qg3 Kh8 13. Bf3 (13. e5 $6 dxe5 14.
fxe5 Qxe5 15. Nxc6 Qxg3 16. hxg3 Bxc6 $17) (13. Rad1) 13... Rac8 (13... b5 14.
e5 Ne8 $14) 14. Rad1 b5 15. a3 Nxd4 16. Bxd4 Bc6 17. Rd3 (17. e5 dxe5 18. fxe5
Nd7 19. Ne4 f5 $5 (19... Bxe4 20. Bxe4 Nc5 21. Bf3 f5 $13) 20. Nd6 (20. exf6
Qxg3 21. hxg3 gxf6 $10) 20... Rcd8 $132) 17... Qb7 18. b4 $5 Rg8 19. e5 (19.
Re1 $5 $14) 19... Ne4 20. Nxe4 Bxe4 21. c3 $1 Bxf3 $2 (21... f6 $142 22. exd6 (
22. exf6 gxf6 23. Qh3 Bxf3 24. Rdxf3 e5 $1 25. fxe5 dxe5 26. Bxe5 fxe5 27. Rf7
Rg7 28. Rxg7 Kxg7 29. Qg4+ Kh8 30. Rf7 Rg8 $19) (22. Bxe4 Qxe4 23. Re3 Qf5 24.
Qe1 $14) 22... Bxd6 23. Qg4 Bxf3 24. Rdxf3 e5 25. fxe5 fxe5 26. Bf2 $13) 22.
Rdxf3 Qe4 (22... f6 $2 23. Qg6 $3 fxe5 24. Rh3 $18) 23. Re3 Qd5 (23... Qf5 24.
Qf3 h5 25. Qb7 $16) 24. Qh3 Rc4 25. f5 Bg5 (25... exf5 26. Qxf5 Rf8 27. Rh3 h6
28. Qd7 $18 (28. Rxh6+ $2 gxh6 29. exd6+ Rxd4 30. dxe7 Rg8 31. Qf6+ Kh7 $19)) (
25... dxe5 26. Qxh7+ $1 Kxh7 27. Rh3+) 26. Rg3 (26. Ree1 f6 27. exd6 exf5 28.
Bc5 Rf4 $132) 26... Bh6 (26... dxe5 27. Rxg5 exd4 28. Qxh7+ $1 Kxh7 29. Rh5#)
27. fxe6 (27. exd6 Qxd6 28. Qxh6 Qxd4 $1 $10 (28... Rxd4 $2 29. Qxh7+ Kxh7 30.
Rh3+)) 27... fxe6 28. exd6 Qxd6 29. Qh5 Rxd4 (29... Rcc8 30. Rg6 Rgf8 31. Rg1
Rf5 32. Qxh6 Qxd4 33. cxd4 gxh6 34. Rxe6 $16) 30. cxd4 Qxd4 31. Rgf3 Qd6 32.
Rf7 Be3 33. Qf3 Bd4 34. Rf8 Bf6 35. Rxg8+ Kxg8 36. Rd1 $1 Qb6 (36... Bd4 37.
Qa8+ Kf7 38. Qe4 e5 39. Rf1+ $18) 37. Qa8+ Kf7 38. Rd7+ Kg6 (38... Be7 39. Qa7
$1 (39. Qb7 $2 Qf2 40. Rxe7+ Kf8 $10)) 39. Qe4+ Kh6 40. Rd3 Qf2 41. Rh3+ Kg5
42. Rg3+ Kh6 43. Rh3+ (43. Qe3+ Qxe3 44. Rxe3 e5 45. Rc3 e4 46. Rc6 $18) 43...
Kg5 44. Rf3 Qd2 45. h4+ Kh6 46. Qxe6 1-0

[Event "Rostock-10 GM Group"]
[Site "Rostock"]
[Date "1984.08.12"]
[Round "2"]
[White "Tischbierek, Raj"]
[Black "Tseshkovsky, Vitaly"]
[Result "1-0"]
[WhiteElo "2450"]
[BlackElo "2505"]
[Annotator "Ftacnik,L"]
[PlyCount "65"]
[EventDate "1984.08.11"]
[EventType "tourn"]
[EventRounds "9"]
[EventCountry "DDR"]
[EventCategory "8"]
[SourceTitle "MCL"]
[Source "ChessBase"]
[SourceDate "1999.07.01"]
[SourceVersion "1"]
[SourceVersionDate "1999.07.01"]
[SourceQuality "1"]

1. e4 c5 2. Nf3 Nc6 3. d4 cxd4 4. Nxd4 e6 5. Nc3 d6 6. Be2 Nf6 7. O-O Be7 8.
Be3 O-O 9. f4 Bd7 10. Nb3 (10. Kh1 Nxd4 11. Bxd4 Bc6 12. Bd3 Qd7 13. a4 b6 14.
Qf3 g6 $10) 10... a6 11. a4 b6 12. Bf3 Qc7 (12... Rb8) 13. Qe2 Rfc8 $1 14. g4
Be8 15. g5 Nd7 16. Bg2 Na5 $1 17. f5 (17. Nxa5 bxa5 $17) 17... Qc4 $2 (17...
Ne5) 18. fxe6 fxe6 19. Bh3 Bf7 $2 20. Qd1 $1 Nc5 21. Nxc5 Rxc5 (21... Bxg5 $5)
22. Rxf7 $1 Kxf7 23. Qh5+ Kg8 24. Nd5 $3 Bf8 25. Bxe6+ Kh8 26. Qf7 Be7 27. Qxe7
Nc6 28. Qxd6 Rd8 29. Qf4 Nd4 30. Bxd4 Qxd4+ 31. Kh1 Rxc2 32. Rf1 g6 33. Qf8+
1-0

[Event "Rostock-10 GM Group"]
[Site "Rostock"]
[Date "1984.08.13"]
[Round "3"]
[White "Vogt, Lothar"]
[Black "Tischbierek, Raj"]
[Result "1/2-1/2"]
[WhiteElo "2485"]
[BlackElo "2450"]
[Annotator "Ftacnik,L"]
[PlyCount "72"]
[EventDate "1984.08.11"]
[EventType "tourn"]
[EventRounds "9"]
[EventCountry "DDR"]
[EventCategory "8"]
[SourceTitle "MCL"]
[Source "ChessBase"]
[SourceDate "1999.07.01"]
[SourceVersion "1"]
[SourceVersionDate "1999.07.01"]
[SourceQuality "1"]

1. e4 c5 2. Nf3 d6 3. d4 cxd4 4. Nxd4 Nf6 5. Nc3 a6 6. Be2 e6 7. f4 Qc7 8. O-O
Be7 9. Kh1 O-O 10. a4 Nc6 11. Be3 Re8 12. Bg1 Bd7 13. Qd3 Nb4 14. Qg3 e5 15.
fxe5 dxe5 16. Nf5 Bxf5 17. Rxf5 Kh8 18. Bd3 $2 (18. Raf1 $1) 18... g6 19. Rff1
Nh5 20. Qf3 f6 21. Be3 Bc5 22. Nd1 Rad8 23. Rc1 Qb6 24. Bxc5 Qxc5 25. Ne3 Qa5
26. Bc4 Qxa4 27. c3 Nd3 28. b3 Qa5 29. Ra1 Qc5 30. Ng4 Ndf4 31. g3 Ne6 32. Bd5
Ng5 33. Qe3 $2 Qxe3 $2 (33... Rxd5 $142 $1 34. exd5 Qxd5+ 35. Kg1 Nh3#) 34.
Nxe3 Re7 35. Ra4 Rc8 36. c4 Ne6 1/2-1/2

[Event "Interpolis-01"]
[Site "Tilburg"]
[Date "1977.10.04"]
[Round "10"]
[White "Karpov, Anatoly"]
[Black "Andersson, Ulf"]
[Result "1-0"]
[WhiteElo "2690"]
[BlackElo "2565"]
[Annotator "Ftacnik,L"]
[PlyCount "131"]
[EventDate "1977.09.23"]
[EventType "tourn"]
[EventRounds "11"]
[EventCountry "NED"]
[EventCategory "14"]
[SourceTitle "MCL"]
[Source "ChessBase"]
[SourceDate "1999.07.01"]
[SourceVersion "1"]
[SourceVersionDate "1999.07.01"]
[SourceQuality "1"]

1. e4 c5 2. Nf3 e6 3. d4 cxd4 4. Nxd4 Nf6 5. Nc3 d6 6. Be2 Be7 7. O-O O-O 8. f4
Nc6 9. Be3 a6 10. Qe1 Nxd4 11. Bxd4 b5 12. a3 (12. Rd1 Bb7 (12... b4 13. e5
bxc3 14. exf6 Bxf6 15. Qxc3 $16 {[+] Geller} Rb8 {P 16... b6[]}) 13. Bf3 b4 14.
e5 Bxf3 15. Rxf3 dxe5 16. fxe5 Nd5 17. Ne4 Qc7 18. Qf2 $16 {Geller-Grigorian/
USR-ch/1976}) 12... Bb7 13. Qg3 Rc8 (13... Bc6 14. Rae1 Qd7 15. Rf3 a5 16. Bd3
b4 17. Nd5 exd5 18. exd5 Bxd5 19. Bxh7+ (19. Rxe7 Qxe7 20. Re3 Be6 21. Bxh7+
Kxh7 22. Qh4+ Kg8 23. Rg3 Bg4 $1 24. Rxg4 Rfe8 25. Rxg7+ Kxg7 26. Qg5+ $10 {
Bellon-Larsen/}) 19... Kxh7 20. Qh4+ Kg8 21. Rxe7 Qg4 $1 22. Qxg4 Nxg4 23. Rg3
Be6 24. h3 Rfc8 $10 {Kupreichik-Langeweg/}) 14. Kh1 g6 15. Bd3 Nh5 {P 16... f4}
(15... d5 16. e5 Ne4 17. Qe3 Nxc3 18. Bxc3 $16) 16. Qe3 Qd7 (16... Nxf4 $4 17.
Bb6) 17. Be2 Nxf4 (17... Nf6 18. Rad1 $16) 18. Qxf4 e5 19. Qg3 exd4 20. Bg4 Qc7
21. Bxc8 dxc3 22. Bxb7 cxb2 23. Rab1 Qxb7 24. Qd3 Qc6 25. Rxb2 Bg5 $2 {(.) e5}
(25... Rc8 $10 26. Qf3 Qc4 27. Rb4 Qe6 28. a4 Rxc2 29. axb5 axb5 30. Rxb5 Bf6 {
P g7=}) 26. Rb4 {Pc4,~/= d} Re8 (26... Rc8 $143 27. Rd4 Qxc2 28. Qxc2 Rxc2 29.
Rxd6 Ra2 (29... a5 30. Rd5 Be7 31. Rxb5 Bxa3 32. Rxa5 Bc5 33. Rb5 {P b7}) 30.
Rxa6 b4 31. Ra5 $1 Bd2 32. axb4 Rxa5 33. bxa5 Bxa5 34. g4 $18 {<-> f Timman})
27. c4 Re5 (27... Qxe4 28. Qxe4 Rxe4 29. cxb5 Rxb4 30. axb4 axb5 31. Rd1 Bf4
32. Rd5 $18) 28. cxb5 axb5 29. Rd4 Re6 30. Rd5 Bf6 31. Qxb5 $18 Qxb5 32. Rxb5
Rxe4 33. Rb4 (33. Rxf6 $4 Re1+) 33... Re7 34. a4 Kg7 35. Rb6 Rd7 36. a5 Bd8 37.
Rb5 Ra7 38. Ra1 Ra6 39. g4 Kf6 40. Kg2 Ke6 41. Re1+ Kd7 (41... Kf6 $142 42. Ra1
Ke6 43. Kf3 d5 44. Ke3 Bg5+ 45. Kd3 Bd8 46. Ra2 Kd6 47. Kc3 Kc6 48. Kb4 {Timman
}) 42. Rb7+ Kc6 43. Rxf7 Rxa5 (43... h5 44. gxh5 gxh5 45. Rf5) 44. Rxh7 Ra2+
45. Kf3 Bg5 46. h4 Ra3+ 47. Kg2 Bf4 48. Re6 $1 g5 (48... Rg3+ 49. Kf2 Rxg4 50.
Kf3 $18) 49. hxg5 Bxg5 (49... Rg3+ 50. Kf2 Rxg4 51. Kf3 $18) 50. Rf7 Ra8 51.
Rg6 Be3 52. Kf3 (52. g5 Ra5 53. Rfg7 Rf5 54. Kg3 Rf1 55. Re6 Rg1+ 56. Kh4 $18)
52... Bd4 53. Ke4 Bb2 54. g5 Re8+ 55. Kf5 Re5+ 56. Kg4 Re1 57. Rf2 Bd4 58. Rd2
Be5 59. Rh6 $1 Kd7 60. Rf2 Rg1+ (60... Ke7 61. Kh5 d5 62. Ra2 $18) 61. Kf5 Bd4
62. Rf4 Be5 63. Rh7+ Kc6 64. Rg4 Rf1+ 65. Ke6 Re1 66. g6 1-0

[Event "Olympiad-34"]
[Site "Istanbul"]
[Date "2000.11.07"]
[Round "10.1"]
[White "Smirin, Ilia"]
[Black "Hansen, Curt"]
[Result "1/2-1/2"]
[WhiteElo "2677"]
[BlackElo "2613"]
[Annotator "Ftacnik,L"]
[PlyCount "57"]
[EventDate "2000.10.28"]
[EventType "team-swiss"]
[EventRounds "14"]
[EventCountry "TUR"]
[SourceTitle "EXT 2001"]
[Source "ChessBase"]
[SourceDate "2000.11.22"]
[SourceVersion "1"]
[SourceVersionDate "2000.11.22"]
[SourceQuality "1"]
[WhiteTeam "Israel"]
[BlackTeam "Denmark"]
[WhiteTeamCountry "ISR"]
[BlackTeamCountry "DEN"]

1. e4 c5 2. Nf3 d6 3. d4 cxd4 4. Nxd4 Nf6 5. Nc3 a6 6. Be2 e6 7. O-O Be7 8. f4
Qc7 9. a4 Nc6 10. Be3 O-O 11. Kh1 Re8 12. a5 Nxa5 13. e5 dxe5 14. fxe5 Qxe5 15.
Bf4 Qc5 16. Na4 Qa7 17. Be3 $5 {[%mdl 8] The novelty in the critical position
of the hugely popular line 12.a5!? Black will sacrifice the exchange and keep
balance.} (17. Bc7 b5 (17... Nc6 18. Nb6 Nxd4 19. Qxd4 Bd7 20. Qf4 Bc6 21. Nxa8
Qxa8 22. Bf3 Bxf3 23. Rxf3 {1-0 Volokitin,A-Gashimov,V/Artek 2000/ (35)}) 18.
Nb6 (18. Bxa5 bxa4 19. Bf3 Bb7 20. Nc6 Qe3 21. Rxa4 Bf8 22. Bc3 Qc5 {0-1
Klovans,J-Palac,M/Biel 1997/ (31)}) 18... Rb8 (18... Qxc7 19. Nxa8 Qd8 20. Rxa5
Bb7 21. Bf3 Nd5 22. Qa1 Bd6 23. Rxa6 {1-0 Moroz,A-Savchenko,S/Ordzhonikidze
2000/ (75)}) 19. Bxb8 Qxb6 20. Be5 Nc4 21. Bxc4 bxc4 22. Qe2 (22. Qf3 Bb7 23.
Qf2 Qc5 24. Rae1 Rf8 25. Qg3 Nh5 26. Qg4 g6 {1/2-1/2 Berndt,S-David,A/Germany
2000/ (43)}) 22... Bb7 23. Qxc4 Ng4 24. Qe2 Nxe5 25. Qxe5 Bf6 26. Rxf6 gxf6 27.
Qxf6 {1-0 Volokitin,A-Savchenko,S/Bad Wiessee 2000/ (33)}) 17... Rd8 (17... Nd5
18. Bg1 b6 19. c4 Nb4 20. Nxe6 $36) 18. Nf5 exf5 $8 (18... Rxd1 $2 19. Nxe7+
Kf8 20. Bxa7 Rxf1+ 21. Bxf1 Kxe7 22. Bc5+ Kd8 23. Nb6 $18) 19. Bxa7 Rxd1 20.
Rfxd1 Rxa7 21. Nb6 Be6 $1 {The key move in the defense, black values his
active bishops.} (21... Nc6 $2 22. Nxc8 Ra8 23. Nxe7+ Nxe7 24. Bf3 $16) 22.
Rxa5 Ne4 23. Kg1 (23. Rf1 $2 Bd8 $19) 23... g6 (23... Bc5+ $4 24. Rxc5 Nxc5 25.
Rd8#) 24. Kf1 (24. Nd5 Bc5+ 25. Kf1 Kg7 $11) 24... Bb4 25. Ra4 Bc5 26. Nd7 (26.
Nd5 b5 27. Raa1 Kg7 $11) 26... Be7 27. Nb6 Bc5 28. Nd7 Be7 29. Nb6 1/2-1/2

[Event "Bundesliga 0405"]
[Site "Germany"]
[Date "2004.11.27"]
[Round "3.3"]
[White "Polzin, Rainer"]
[Black "Ribli, Zoltan"]
[Result "1-0"]
[WhiteElo "2517"]
[BlackElo "2603"]
[Annotator "Ftacnik,L"]
[PlyCount "96"]
[EventDate "2004.11.12"]
[EventType "team-tourn"]
[EventRounds "15"]
[EventCountry "GER"]
[SourceTitle "CBM 105"]
[Source "ChessBase"]
[SourceDate "2005.04.11"]
[SourceVersion "1"]
[SourceVersionDate "2005.04.11"]
[SourceQuality "1"]
[WhiteTeam "Neukoelln"]
[BlackTeam "Tegernsee"]
[WhiteTeamCountry "GER"]
[BlackTeamCountry "GER"]

1. e4 c5 2. Nf3 e6 3. d4 cxd4 4. Nxd4 Nc6 5. Nc3 Qc7 6. Be2 a6 7. O-O Nf6 8.
Be3 Be7 9. f4 d6 10. a4 O-O 11. Kh1 Re8 12. Bf3 Bf8 13. Nb3 b6 14. a5 bxa5 15.
e5 dxe5 16. fxe5 Rd8 17. Bd2 Nd5 18. Nxd5 exd5 19. Nd4 $5 $146 {Spirited
novelty since now black can not even contemplate taking on e5.} Be6 (19... Nxd4
20. Bxa5 Qxe5 (20... Qc5 21. Bxd8 Nxf3 22. Ra5 Qc6 23. Qxf3 Be6 24. Bg5 $14)
21. Re1 (21. Bxd8 Bd6 22. g3 Nxf3 23. Qxf3 Qe4 24. Qxe4 dxe4 25. Bg5 Be5 26. c3
f5 $11) 21... Qb8 22. Qxd4 Rd6 23. Re8 Rh6 24. h3 Qb5 25. Qxd5 (25. Rxf8+ Kxf8
26. Bxd5 Rb8 27. c4 Qe8 28. Bc7 Rb7 29. Be5 Rg6 $13) 25... Qxe8 26. Qxa8 Qe6
$11) 20. Nxc6 Qxc6 21. b3 (21. Bxa5 Rdc8 22. Bc3 Bc5 23. Qd3 $14) 21... Rd7 (
21... Bb4 22. c3 Be7 23. c4 Rd7 24. Rxa5 Rad8 $11) 22. Rxa5 Qc7 23. Re1 g6 (
23... Rc8 24. Ra2 h6 $11) 24. Ra2 Bg7 25. Qa1 {Polzin is using patterns known
from Reti opening, the queen from the corner is active both on a file as well
as a1-h8 diagonal.} h6 (25... Re8 26. Bc3 Bf5 27. Bd4 Be4 28. Bxe4 dxe4 29.
Rxe4 $14) 26. Ba5 Qc8 (26... Qc5 27. Bc3 $16) 27. Bb6 Rb8 28. Bd4 Rc7 29. Bd1
$6 {This move is too passive to contribute to the improvement of the position.}
(29. Qb2 Bf5 30. c3 Qe6 31. Qe2 $16) 29... Rc6 (29... Bf5 30. c3 Rc6 31. Bf3
Qe6 32. Ra5) 30. c3 $1 Bf5 31. Bf3 Qe6 32. Ra5 Rd8 (32... Be4 $5 33. Rxe4 dxe4
34. Bxe4 Rcc8 35. b4 $14) 33. Qd1 g5 (33... Be4 34. Bxe4 dxe4 35. Qb1 $16) 34.
h3 Be4 35. Re3 (35. Bxe4 dxe4 36. Qb1 $16) 35... f5 (35... Rb8 36. b4 Bxf3 37.
Qxf3 Rb5 38. Ra1 $16) 36. exf6 Bxf6 37. Rxd5 $3 {[%mdl 64] A rare move of
stunning beauty, white's light squared bishop will do enormous demage.} Rxd5 (
37... Qxd5 38. Bxe4 Qd6 39. Bxc6 Qxc6 40. Qe1 Bxd4 41. cxd4 $16) 38. Rxe4 Qd7
39. Re8+ Qxe8 (39... Kg7 40. Qe1 Rxd4 41. Bxc6 Qxc6 42. cxd4 $18) 40. Bxd5+ Kg7
41. Bxc6 Qxc6 42. Bxf6+ Qxf6 43. Qd7+ {In the result of the fascinating
combination white has ended up in an endgame with sound extra pawn.} Kf8 44.
Qd4 Qe6 (44... Qxd4 45. cxd4 Ke7 46. Kg1 Ke6 47. Kf2 Kd5 48. Ke3 $18) 45. c4
Ke8 46. Kg1 a5 47. Kf2 Qf5+ 48. Ke3 Qb1 1-0

[Event "Wotulo Memorial"]
[Site "Jakarta"]
[Date "2001.04.02"]
[Round "13"]
[White "Majella, Yoseph R"]
[Black "Lioe, Dede"]
[Result "1-0"]
[WhiteElo "2321"]
[BlackElo "2378"]
[Annotator "Ftacnik,L"]
[PlyCount "91"]
[EventDate "2001.03.23"]
[EventType "tourn"]
[EventRounds "13"]
[EventCountry "INA"]
[EventCategory "8"]
[SourceTitle "CBM 083"]
[Source "ChessBase"]
[SourceDate "2001.07.05"]
[SourceVersion "1"]
[SourceVersionDate "2001.07.05"]
[SourceQuality "1"]

1. e4 c5 2. Nf3 d6 3. d4 cxd4 4. Nxd4 Nf6 5. Nc3 a6 6. Be2 e6 7. O-O Be7 8. Be3
O-O 9. f4 Qc7 10. g4 Nc6 11. f5 Nxd4 (11... d5 12. exd5 Nxd5 (12... Nxd4 13.
Qxd4 h5 14. g5 Nd7 15. fxe6 fxe6 16. dxe6 Nc5 17. Nd5 {1-0 Zaitsev,
A-Manasterski,L/Polanica Zdroj/1971/ (17)}) 13. Nxd5 exd5 14. Qd2 Bd7 15. Bf3
Ne5 16. Bf4 Nc4 17. Bxc7 Nxd2 18. Rf2 Bg5 {0-1 Magee,L-Cross,J/Forth Worth/
1951/ (31)}) (11... Ne5 12. Kh1 Kh8 13. Rg1 b5 14. g5 Ng8 15. Bd3 b4 16. Nce2
exf5 17. Nxf5 Bxf5 18. exf5 Qc6+ 19. Rg2 Rac8 20. Nd4 {1-0 Gottlieb,J-Pescarus,
R/Quebec/2000/ (24)}) 12. Qxd4 (12. Bxd4 Nd7 13. Qe1 Ne5 14. Qg3 Bd7 15. g5 Kh8
16. Rf4 Qd8 17. h4 b5 18. a3 Rb8 19. b4 {1-0 Shister,E-Dmitrieva,T/St
Petersburg/2000/ (28)}) 12... h6 13. Rad1 b5 (13... Re8 14. h4 $36) 14. h4 $2
Nh7 $6 {Both players have missed very strong shot 14...b4!, that would cause
lot of problems for white as his g3 square is so vulnerable.} (14... b4 $1 15.
Nb1 (15. Qxb4 d5 16. Qd4 Qg3+ 17. Kh1 e5 18. Qd2 d4 $19) 15... d5 16. e5 Ne4
17. f6 gxf6 18. Qd3 Bc5 $17) 15. g5 d5 (15... hxg5 16. hxg5 Nxg5 17. fxe6 Nxe6
(17... fxe6 18. Rxf8+ Kxf8 19. Rf1+ Kg8 20. Nd5 $13) 18. Qd2 Bb7 $15) 16. Bf4
Qc5 17. Qxc5 Bxc5+ 18. Kg2 dxe4 (18... d4 $5 19. Nb1 hxg5 20. hxg5 exf5 21. Bf3
Ra7 $15) 19. Nxe4 Bb7 20. Bf3 hxg5 21. hxg5 Bxe4 $6 {The bishop's pair in
combination with opponent's passive knight on h7 are securing white's
advantage.} (21... Bb6 22. f6 Rac8 23. c3 $14) 22. Bxe4 Rad8 23. Kf3 Be7 24.
Kg4 Rxd1 25. Rxd1 Rd8 26. Rxd8+ Bxd8 27. b4 $1 exf5+ 28. Bxf5 g6 29. Bc8 f5+ (
29... a5 30. c3 $1) 30. Kh4 (30. gxf6 Nxf6+ 31. Kf3 a5 $14) 30... a5 31. c3 $1
axb4 32. cxb4 Be7 33. a3 Nf8 34. Bb7 (34. Ba6 $2 Ne6 $13) 34... Ne6 35. Bd5 Kf7
36. a4 $2 {The next few moves are difficult to explain, white is spoiling
excellent position.} (36. Be3 Bd8 37. Bc6 f4 38. Bf2 Nxg5 39. Kg4 Ne6 40. Bxb5
$16) 36... Bxb4 (36... bxa4 $1 37. b5 Bc5 $17) 37. axb5 Ke7 38. Bxe6 Kxe6 39.
b6 Bc5 $4 (39... Bd6 $1 $17) 40. b7 Ba7 41. b8=Q Bxb8 42. Bxb8 Kd5 43. Kg3 Ke4
44. Bf4 Kd3 45. Kf3 Kd4 46. Bb8 (46. Bb8 Kd5 47. Ke3 Kc4 48. Ba7 Kd5 49. Kd3
Ke5 50. Be3 Kd5 51. Bd4 $18) 1-0

[Event "Olympiad-34"]
[Site "Istanbul"]
[Date "2000.10.30"]
[Round "3.4"]
[White "Ganguly, Surya Shekhar"]
[Black "Emms, John M"]
[Result "0-1"]
[WhiteElo "2498"]
[BlackElo "2527"]
[Annotator "Ftacnik,L"]
[PlyCount "98"]
[EventDate "2000.10.28"]
[EventType "team-swiss"]
[EventRounds "14"]
[EventCountry "TUR"]
[SourceTitle "EXT 2001"]
[Source "ChessBase"]
[SourceDate "2000.11.22"]
[SourceVersion "1"]
[SourceVersionDate "2000.11.22"]
[SourceQuality "1"]
[WhiteTeam "India"]
[BlackTeam "England"]
[WhiteTeamCountry "IND"]
[BlackTeamCountry "ENG"]

1. e4 c5 2. Nf3 Nc6 3. d4 cxd4 4. Nxd4 e6 5. Nc3 Qc7 6. Be2 a6 7. O-O Nf6 8.
Be3 Be7 9. f4 d6 10. Qe1 O-O 11. Qg3 Nxd4 12. Bxd4 b5 13. a3 Bb7 14. Rad1 Bc6
15. Kh1 Qb7 16. Bf3 Rad8 17. Rfe1 Kh8 18. Rd3 Rg8 19. Qh3 Qc7 {Black has done
nothing wrong and if he can cope with white's attak on the kingside his
chances will be fair.} 20. e5 (20. f5 e5 21. Be3 a5 $11) 20... dxe5 21. fxe5
Nd7 22. Bxc6 (22. Rf1 Bxf3 23. Rdxf3 Nxe5 24. Bxe5 Qxe5 25. Rxf7 Rgf8 $15)
22... Qxc6 23. Rf1 f5 24. exf6 (24. Qh5 a5 25. Rh3 Nf8 26. Qd1 b4 $11) 24...
Bxf6 25. Re1 (25. Bxf6 Nxf6 26. Qe3 Rxd3 27. Qxd3 Re8 28. Qe3 e5 $11) 25... Nc5
26. Bxc5 (26. Bxf6 $2 Nxd3 27. cxd3 gxf6 28. Rxe6 Rge8 $1 $19) 26... Qxc5 27.
Ne4 (27. Rxe6 Rgf8 28. Re1 Rxd3 29. Qxd3 Bxc3 30. Qxc3 Qxc3 31. bxc3 Kg8 32. g3
(32. Kg1 Rf4 $15) 32... Rf2 33. Re6 Rxc2 34. Rxa6 $11) 27... Qxc2 28. Rxd8 Rxd8
29. Qxe6 $2 {Very subtle tactical mistake, white will land in an inferior
ending.} (29. Nxf6 Rd1 30. Qxe6 Rxe1+ 31. Qxe1 gxf6 32. b4 $11) 29... Qe2 $1
30. Nd6 (30. Ng5 Qxe6 31. Nxe6 Re8 32. b3 Kg8 $17) 30... Qxe6 31. Rxe6 Kg8 32.
b3 Bb2 33. a4 (33. g3 Bxa3 34. Nf5 Bf8 35. Rxa6 g6 36. Ne3 Rd3 $17) 33... bxa4
34. bxa4 Ba3 35. Re8+ Rxe8 36. Nxe8 Kf7 37. Nc7 a5 38. g4 (38. g3 Bd6 39. Nb5
Ke6 $17) 38... Bd6 39. Nb5 Ke6 {[%mdl 4096] Black king and bishop are superior
pieces to their white counterparts.} 40. Kg2 (40. Nxd6 Kxd6 41. Kg2 Kc5 42. Kf3
Kb4 $19) 40... Kd5 41. h4 Kc5 42. Kf3 (42. Nxd6 Kxd6 43. Kf3 Kc5 44. Ke4 Kb4
45. Kd5 Kxa4 46. Kc4 Ka3 47. Kc3 a4 $19) 42... Be7 43. g5 Kb4 44. Nd4 Kxa4 45.
Nc6 Bb4 (45... Bc5 46. Ke4 Kb5 $19) 46. Ke4 Kb3 47. Nxa5+ (47. Kd5 a4 48. Nd4+
Kb2 $19) 47... Bxa5 48. Ke5 Bd2 49. Ke6 h6 $1 (49... h6 $1 50. Kf7 hxg5 51.
hxg5 Bc3 $19) 0-1